000 00292nam a22001337a 4500
008 170418b xxu||||| |||| 00| 0 eng d
020 _a2900803622028
041 _aeng
080 _a612.39
100 _a10
101 _aSHM
245 _aNUTRITION DIET THERAPY
_cLUTZ, C
942 _2udc
_cBK
999 _c10912
_d10912